A cry of the heart : (Record no. 2262)

MARC details
000 -LEADER
fixed length control field 00591nam a2200193 4500
001 - CONTROL NUMBER
control field 2824
005 - DATE AND TIME OF LATEST TRANSACTION
control field 20181127165849.0
020 00 - INTERNATIONAL STANDARD BOOK NUMBER
International Standard Book Number 97899368300
090 00 - LOCALLY ASSIGNED LC-TYPE CALL NUMBER (OCLC); LOCAL CALL NUMBER (RLIN)
Classification number (OCLC) (R) ; Classification number, CALL (RLIN) (NR) 362.29 W2469c
100 00 - MAIN ENTRY--PERSONAL NAME
Personal name Wangchuk.
245 00 - TITLE STATEMENT
Title A cry of the heart :
Remainder of title a collection of heartfelt stories on addiction /
Statement of responsibility, etc. Wangchuk.
Medium
250 00 - EDITION STATEMENT
Edition statement
260 00 - PUBLICATION, DISTRIBUTION, ETC.
Place of publication, distribution, etc. Thimphu :
Name of publisher, distributor, etc. Youth Development Fund,
Date of publication, distribution, etc. n.d.
300 00 - PHYSICAL DESCRIPTION
Extent 102 p.
650 ## - SUBJECT ADDED ENTRY--TOPICAL TERM
Topical term or geographic name entry element Drug abuse -- Bhutan.
Form subdivision
General subdivision
Chronological subdivision
Geographic subdivision
Source of heading or term
Topical term or geographic name entry element Substance abuse -- Bhutan.
Form subdivision
General subdivision
Chronological subdivision
Geographic subdivision
Source of heading or term
Topical term or geographic name entry element Drug addiction -- Bhutan -- Personal narratives.
General subdivision
Topical term or geographic name entry element Drug addicts -- Bhutan.
General subdivision
Holdings
Withdrawn status Lost status Source of classification or shelving scheme Damaged status Not for loan Collection code Home library Current library Shelving location Serial Enumeration / chronology Inventory number Total Checkouts Full call number Barcode Date last seen Copy number Price effective from Koha item type Total Renewals Date last checked out
    Dewey Decimal Classification     Main TEST RTC Library RTC Library Main opac 5092   362.29 WAN 30002212 27/11/2018 2 27/11/2018 Main    
    Dewey Decimal Classification     Main TEST RTC Library RTC Library Main opac 5091   362.29 WAN 30002213 27/11/2018 1 27/11/2018 Main    
    Dewey Decimal Classification     Main TEST RTC Library RTC Library Main opac 5093   362.29 WAN 30002078 27/11/2018 3 27/11/2018 Main    
    Dewey Decimal Classification     Main TEST RTC Library RTC Library Main opac 5094   362.29 WAN 30002239 27/11/2018 4 27/11/2018 Main    
    Dewey Decimal Classification     Main TEST RTC Library RTC Library Main opac 5095   362.29 WAN 30002188 27/11/2018 5 27/11/2018 Main    
    Dewey Decimal Classification     Main TEST RTC Library RTC Library Main opac 5226   362.29 WAN 30002187 27/11/2018 6 27/11/2018 Main    
    Dewey Decimal Classification     Main TEST RTC Library RTC Library Main opac 6395 2 362.29 WAN 30006181 18/05/2019 7 27/11/2018 Main 1 03/05/2019
    Dewey Decimal Classification     Main TEST RTC Library RTC Library Main opac 6574   362.29 WAN 30006611 27/11/2018 10 27/11/2018 Main    
    Dewey Decimal Classification     Main TEST RTC Library RTC Library Main opac 6575   362.29 WAN 30006393 27/11/2018 9 27/11/2018 Main    
    Dewey Decimal Classification     Main TEST RTC Library RTC Library Main opac 6498   362.29 WAN 30006463 27/11/2018 8 27/11/2018 Main    
Royal Thimphu College || All Right Reserved